000 00899nam a2200265 a 4500
001 BRCA_906
005 20190320203212.0
008 070810s2005 cu-a---###---#000-0#spa-c
020 _a9597178095
040 _aPL#
_cPL#
_dFUG
041 _aspa
_heng
050 4 _aN6603
_b.R34 2005
100 1 _aRafart, José Carlos
_93005
245 1 0 _aLa seducción y el oficio
_borfebrería y escultura = Seduction and Craft : Craft Jewellery and Sculpture
_cJosé Carlos Rafart.
260 _aLa Habana, Cuba
_bArte Cubano
_c2005
300 _a100 p.
_bil. a color
_c28 cm.
504 _aBibliografía : p. 97-98
546 _aTexto en : español e inglés
650 1 4 _aArte Cubano
_vExposiciones
_zCuba
_93006
650 1 4 _aJoyería
_vExposiciones
_zCuba
_93007
650 1 4 _aEscultura
_vExposiciones
_zCuba
_93008
740 0 _aSeduction and Craft
740 0 _aCraft Jewellery and Sculpture
942 _2lcc
_cB
999 _c799
_d799